01011nas a2200253Ia 4500001001100000003000900011008004100020040001300061040001300074041001300087100005000100210001800150222001800168245011400186250001100300260002300311501008600334300001700420362004400437650003600481942000700517999001900524952021400543R002/39370IT-RoPAU151124c99999999xx |||||||||||| ||und|| aIT-RoPAU cIT-RoPAU aITALIANO aSanvitale FrancescagCodice Aut. SPICS: 1618 aBIANCO E NERO aBianco E Nero aBIANCO E NERO, ANNO 16-N.01/02-GENNAIO/FEBBRAIO 1955bGiovani Sullo Schermo E I Pericoli Dell'Astrattezza (I) a1a ed. aROMAbATENEOc1955 bPaulus - SPICS - Società San Paolo EM (non-commercial uses only)cCopyright2015 a4 p. [90-93] aANNO 016, N.01/02-GENNAIO/FEBBRAIO 1955 aCINEMAvPUBBLICAZIONE PERIODICA cCR c136299d136299 0010406R_002_39370000000000071aSPICSbSPICSd2015-11-25l0oR002/39370r2015-11-25 00:00:00w2015-11-25yCRzProgr. Ins: 1883 / Copia rara: NO / date import: 25.11.2015 / By Epidotti, Trombetti, Vaglietti